| 000 | 00537nam a2200193Ia 4500 | ||
|---|---|---|---|
| 008 | 220204s9999 xx 000 0 und d | ||
| 082 |
_a577.1+577.114 _bBIO.5 |
||
| 100 | _aWHELAN, W J | ||
| 245 | 0 | _aBiochemistry of carbohydrates | |
| 260 |
_aLondon _bButterworth _c1975 |
||
| 490 | _aBiochemistry series one. V 5 | ||
| 505 | _aMTP International review of science | ||
| 650 | _aCarbohydrate metabolism | ||
| 650 | _aGlycogen metabolism | ||
| 650 | _aProteoglycan | ||
| 650 | _aStarch | ||
| 650 | _aStereochemistry | ||
| 942 | _cBK | ||
| 999 |
_c24511 _d24511 |
||